BUBT Library Online Catalog

The Independent consultant's Brochure and Letter Handbook / (Record no. 5842)

000 -LEADER
fixed length control field 00803nam a22002657a 4500
003 - CONTROL NUMBER IDENTIFIER
control field OSt
005 - DATE AND TIME OF LATEST TRANSACTION
control field 20221102083247.0
008 - FIXED-LENGTH DATA ELEMENTS--GENERAL INFORMATION
fixed length control field 181217b xxu||||| |||| 00| 0 eng d
020 ## - INTERNATIONAL STANDARD BOOK NUMBER
International Standard Book Number 0471597333
040 ## - CATALOGING SOURCE
Original cataloging agency OSt
Transcribing agency OSt
082 ## - DEWEY DECIMAL CLASSIFICATION NUMBER
Edition number 21
Classification number 420/ H745i/
100 ## - MAIN ENTRY--PERSONAL NAME
9 (RLIN) 2083
Personal name Holtz, Herman
245 ## - TITLE STATEMENT
Title The Independent consultant's Brochure and Letter Handbook /
Statement of responsibility, etc. Herman Holtz
250 ## - EDITION STATEMENT
Edition statement 1st
260 ## - PUBLICATION, DISTRIBUTION, ETC. (IMPRINT)
Place of publication, distribution, etc. New York:
Name of publisher, distributor, etc. John Wiley and Sons,
Date of publication, distribution, etc. c1995.
300 ## - PHYSICAL DESCRIPTION
Extent xi, 256p.:
Other physical details ill., figure ;
Dimensions 23
365 ## - TRADE PRICE
Price type code BDT
Price amount 350
500 ## - GENERAL NOTE
General note Includes Index.
504 ## - BIBLIOGRAPHY, ETC. NOTE
Bibliography, etc (p. 241-242)
505 ## - FORMATTED CONTENTS NOTE
Formatted contents note first steps to creating your own brochure, Letter and Newsletters, Brochure, Letter Hanbook
521 ## - TARGET AUDIENCE NOTE
Target audience note BBA, English, Law
546 ## - LANGUAGE NOTE
Language note English
650 #0 - SUBJECT ADDED ENTRY--TOPICAL TERM
9 (RLIN) 194
Topical term or geographic name as entry element English Language
942 ## - ADDED ENTRY ELEMENTS (KOHA)
Source of classification or shelving scheme
Koha item type Books
Holdings
Withdrawn status Lost status Source of classification or shelving scheme Damaged status Not for loan Collection code Permanent Location Current Location Shelving location Date acquired Source of acquisition Total Checkouts Full call number Barcode Date last seen Copy number Price effective from Koha item type
        Not For Loan Non-fiction Bangladesh University of Business and Technology Library Bangladesh University of Business and Technology Library English Literature Stacks 12/17/2018 Gifted   420/HOI BUBTL-20032740 12/17/2018 1 12/17/2018 Books

More Information About Library

Library Hours

  • Open: 9.00 am. to 9.00 pm.
  • Only Sunday: 9.00 am. to 6.00 pm.
  • Closed: Holiday

Contact to the University

Bangladesh University of Business and Technology Library

  • Mirpurl-2, 1216.
  • Phone:
  • Fax:
  • E-Mail: admin.library@bubt.edu.bd

Contact to the Library

Contact Person:

Md. Abdul Hakim Shah
Joint Librarian
PABX No:  113
Cell No: 01816332931
E-mail: official: admin.library@bubt.edu.bd
Personal: hakim.shah@bubt.edu.bd


BUBT Library

Copyright © 2021